| 000 | 00393nam a2200145Ia 4500 | ||
|---|---|---|---|
| 008 | 150201s2007 xx 000 0 und d | ||
| 082 |
_a617.6 _bP2007P |
||
| 100 | _aK .PARK | ||
| 245 | _aPARKS TEXT BOOK OF PREVENTIVE & SOCIAL MEDICINE | ||
| 250 | _a19TH | ||
| 260 |
_bBHANOT PUBLICATION _aJABALPUR _c2007 |
||
| 300 | _a1-768 | ||
| 650 | _aPREVENTIVE AND COMMUNITY DENTISTRY | ||
| 942 |
_2ddc _cBK |
||
| 999 |
_c4183 _d4183 |
||